01506nab a2200253 uc450000100070000000500170000700800410002403500110006503500210007604000130009704100080011010000450011824500740016352005850023765000350082265000480085765000320090565000450093770000470098270000470102977301470107694200100122399900190123358561320250221090805.0000323e19980601 spa  a585613 a(OCoLC)819825477 ccomduadb aspa10aPérez Juste, Ramón4auteaut930249413aPlan para la mejora de la calidad de la UNED. Objetivos prioritarios3 aEl contenido de este artículo se organiza en torno a dos grandes bloques: uno, centrado en los aspectos mas relevantes que han decidido al actual Equipo de Gobierno de la UNED a poner en marcha el plan para la mejora de la calidad de la UNED. Los motivos, fundamentos, objetivos, medios previstos y primeras iniciativas son fielmente descritos; Y otro, dirigido al análisis e interpretación de los datos obtenidos en la consulta realizada a tres colectivos de la universidad: los profesores de la sede central, los profesores tutores de los centros asociados y los alumnos. aEducación a distancia943195 7aCalidad de la educación superior2943175 7aComunicación2embne91550 aMétodo de enseñanza integrada94269010aGarcía Aretio, Lorenzo4auteaut925819610aLuzon Encabo, Jose Maria4auteaut93024950 tRied : Revista Iberoamericana de Educación a Distancia (España)gVolumen 01, Número 01, Junio 1998, p. 87-123w578979x1138-27830147114 cARIMP c144083d144083